000 00855 a2200445 4500
000 BKB
001 071735
005 20200902151048.0
008
010 _a
020 _a
082 _a801.9509
_bH11L
100 1 _aHabib, M.A.R.
110 _a
245 1 _aLiterary criticism from Plato to the present
_cby M.A.R. Habib
250 _a
260 _aUK
_bJohn Wiley & Sons
_c2011
300 _a298p.
490 _a
_v
500 _a
600 _a
610 _a
611 _a
630 _a
650 _a
651 _a
654 _a
690 _aHabib, Rafey
700 _a
_b
_c
710 _a
_b
_c
711 _a
720 _a
730 _a
740 _a
752 _a
856 _a
_d
_f
904 _a
964 _a
_b
_c
_d
_e
_f
_g
965 _a
999 _c5014
_d5014